000 00353nam a2200145Ia 4500
008 220919s9999 xx 000 0 und d
020 _a8-903072-70136
082 _bJAU
100 _aJAUHAR, S.P.
245 0 _aCHEMISTRY FOR CLASS 11th VOL-1
260 _bMODERN PUBLISHERS, JALANDHAR
_c2013
300 _a844
650 _aChemistry
942 _cBK
999 _c154113
_d154113